000 00637nam a2200241Ia 4500
003 OSt
005 20221007094809.0
006 a|||||r|||| 00| 0
007 ta
008 221006b |||||||| |||| 00| 0 eng d
024 _a89
037 _cTextual
040 _aLCO
_cLCO
_beng
041 _2eng
_aeng
082 _aZ1y7, N1; 1
100 _aHARRIS
_9645408
245 0 _aCases and materials on International Law
260 _aUnited
_bKingdom Sweet & Maxwell
_c1991
300 _a1040
650 _aINTERNATIONAL LAW
942 _hZ1y7, N1; 1
_cTEXL
999 _c1169652
_d1169652